[Event "Gatineau Pere Noel CEH-B"]
[Site "Gatineau"]
[Date "2018.01.23"]
[Round "6"]
[White "Traversy, Pierre"]
[Black "Ethier, Valori"]
[Result "0-1"]
[WhiteElo "1208"]
[BlackElo "1411"]
[PlyCount "90"]
[EventDate "2017.12.05"]
[EventType "swiss"]
[EventRounds "6"]
[EventCountry "CAN"]
[SourceTitle "EXT 2022"]
[Source "ChessBase"]
[SourceDate "2021.10.06"]
[SourceVersion "1"]
[SourceVersionDate "2021.10.06"]
[SourceQuality "1"]

1. d4 d5 2. c4 c6 3. c5 Nf6 4. Nc3 g6 5. g3 Bg7 6. Bg2 0-0 7. Nf3 Re8 8. 0-0 Bg4 9. Re1 a5 10. Qc2 b5 11. e4 dxe4 12. Nxe4 Nxe4 13. Ne5 Bf5 14. Bxe4 Bxe4 15. Qxe4 Bxe5 16. Qxe5 Qd5 17. Qe4 Nd7 18. Bh6 Nf6 19. Qxd5 Nxd5 20. Re5 Ra7 21. Rae1 Nb4 22. Ra1 Rd7 23. a3 Nd3 24. Re4 Nxb2 25. Be3 Nc4 26. Rd1 Nxe3 27. Rxe3 a4 28. f4 e6 29. g4 Rd5 30. Re4 Kg7 31. Kf2 Kf6 32. Ke3 h5 33. g5+ Kf5 34. h3 Red8 35. Rd3 f6 36. gxf6 Kxf6 37. h4 Kf5 38. Re5+ Rxe5+ 39. fxe5 Kg4 40. Ke4 Rf8 41. Re3 Kxh4 42. Rf3 Rxf3 43. Kxf3 Kg5 44. Ke4 h4 45. d5 exd5+ 0-1

[Event "Gatineau Pere Noel CEH-B"]
[Site "Gatineau"]
[Date "2018.01.09"]
[Round "4"]
[White "Traversy, Pierre"]
[Black "Gareau, Charles"]
[Result "0-1"]
[WhiteElo "1208"]
[BlackElo "1293"]
[PlyCount "56"]
[EventDate "2017.12.05"]
[EventType "swiss"]
[EventRounds "6"]
[EventCountry "CAN"]
[SourceTitle "EXT 2022"]
[Source "ChessBase"]
[SourceDate "2021.10.06"]
[SourceVersion "1"]
[SourceVersionDate "2021.10.06"]
[SourceQuality "1"]

1. e4 c5 2. Bc4 e6 3. Nc3 Nf6 4. d3 d5 5. Bb5+ Nc6 6. exd5 exd5 7. Bg5 d4 8. Ne4 Qa5+ 9. Qd2 Qxb5 10. Nxf6+ gxf6 11. Bxf6 Rg8 12. Qe2+ Be6 13. c4 Qb4+ 14. Kf1 Be7 15. Bxe7 Nxe7 16. a3 Qa4 17. Nf3 Bg4 18. h3 Bxf3 19. Qxf3 Qc6 20. Qe4 f5 21. Qxc6+ Nxc6 22. f4 0-0-0 23. Kf2 Rde8 24. Rae1 Re3 25. Rxe3 dxe3+ 26. Kxe3 Rxg2 27. Rb1 Nd4 28. b4 Re2# 0-1

[Event "Gatineau Pere Noel CEH-B"]
[Site "Gatineau"]
[Date "2017.12.19"]
[Round "3"]
[White "Dupont Mageau, Nicolas"]
[Black "Traversy, Pierre"]
[Result "1/2-1/2"]
[WhiteElo "1425"]
[BlackElo "1208"]
[PlyCount "61"]
[EventDate "2017.12.05"]
[EventType "swiss"]
[EventRounds "6"]
[EventCountry "CAN"]
[SourceTitle "EXT 2022"]
[Source "ChessBase"]
[SourceDate "2021.10.06"]
[SourceVersion "1"]
[SourceVersionDate "2021.10.06"]
[SourceQuality "1"]

1. e4 c5 2. Nf3 e6 3. d4 cxd4 4. Nxd4 Nc6 5. Nc3 a6 6. Be3 d6 7. Qd2 Be7 8. Bc4 Ne5 9. Bb3 Bd7 10. f4 Nc6 11. h3 Nxd4 12. Qxd4 Bf6 13. e5 Bh4+ 14. Kd2 d5 15. Rag1 Be7 16. g4 h6 17. Kc1 Rc8 18. Na4 Bxa4 19. Bxa4+ b5 20. Bb3 Qc7 21. Qb6 Qxb6 22. Bxb6 Bc5 23. Bxc5 Rxc5 24. Rg3 Ne7 25. Rf1 g6 26. Rff3 Kd7 27. Rc3 Rc6 28. Kd2 a5 29. Rxc6 Kxc6 30. c3 Kc5 31. Kd3 1/2-1/2

[Event "Gatineau Pere Noel CEH-B"]
[Site "Gatineau"]
[Date "2017.12.12"]
[Round "2"]
[White "Traversy, Pierre"]
[Black "Sabourin, Yves"]
[Result "0-1"]
[WhiteElo "1208"]
[BlackElo "1485"]
[PlyCount "62"]
[EventDate "2017.12.05"]
[EventType "swiss"]
[EventRounds "6"]
[EventCountry "CAN"]
[SourceTitle "EXT 2022"]
[Source "ChessBase"]
[SourceDate "2021.10.06"]
[SourceVersion "1"]
[SourceVersionDate "2021.10.06"]
[SourceQuality "1"]

1. d4 Nf6 2. c4 g6 3. Nf3 Bg7 4. Nc3 d5 5. e3 0-0 6. cxd5 Nxd5 7. Qc2 e6 8. a3 b6 9. Bd2 Bb7 10. Be2 Nd7 11. 0-0 c5 12. Nxd5 Bxd5 13. Bc3 Rc8 14. Qd1 Bxf3 15. Bxf3 Qc7 16. Rc1 e5 17. dxe5 Nxe5 18. Be2 Rcd8 19. Qc2 Rd6 20. Rcd1 Rfd8 21. Rxd6 Rxd6 22. Rd1 Qd7 23. Rxd6 Qxd6 24. b3 Nc6 25. Bxg7 Kxg7 26. f4 Qe6 27. Qd3 Na5 28. Bd1 c4 29. Qd4+ Qf6 30. Qd5 Qc3 31. bxc4 Qe1# 0-1

[Event "Gatineau Pere Noel CEH-B"]
[Site "Gatineau"]
[Date "2017.12.05"]
[Round "1"]
[White "Pearce, Thomas"]
[Black "Traversy, Pierre"]
[Result "0-1"]
[WhiteElo "1587"]
[BlackElo "1208"]
[PlyCount "98"]
[EventDate "2017.12.05"]
[EventType "swiss"]
[EventRounds "6"]
[EventCountry "CAN"]
[SourceTitle "EXT 2022"]
[Source "ChessBase"]
[SourceDate "2021.10.06"]
[SourceVersion "1"]
[SourceVersionDate "2021.10.06"]
[SourceQuality "1"]

1. d4 e6 2. c4 d5 3. e3 Nf6 4. Nc3 c6 5. a3 Nbd7 6. Bd3 Bd6 7. Nh3 h6 8. 0-0 Qc7 9. g3 e5 10. c5 Be7 11. f4 e4 12. Bc2 b6 13. b4 b5 14. Nf2 a5 15. Bb2 Nf8 16. h3 Ne6 17. Nfxe4 dxe4 18. Nxe4 Nxe4 19. Bxe4 0-0 20. Bc3 f5 21. Bd3 a4 22. Ra2 Bf6 23. Bxf5 Nd8 24. Bg6 Be6 25. Rh2 Bf7 26. Bd3 Ne6 27. Be2 Qe7 28. e4 Qc7 29. e5 Be7 30. h4 g6 31. h5 Kg7 32. f5 gxf5 33. Rxf5 Ng5 34. Bg4 Bd5 35. Qd3 Ne4 36. e6 Qxg3+ 37. Qxg3 Nxg3 38. Rxf8 Rxf8 39. Rh3 Rf1+ 40. Kh2 Ne4 41. Kg2 Rf6 42. Bf3 Nxc3 43. Rg3+ Kf8 44. Bxd5 Nxd5 45. Rg6 Nf4+ 46. Kg3 Nxg6 47. hxg6 Rxg6+ 48. Kf4 Rg5 49. Ke4 Rd5 0-1

[Event "Gatineau Automne"]
[Site "Gatineau"]
[Date "2017.11.21"]
[Round "4"]
[White "Traversy, Pierre"]
[Black "Raymond, Robert"]
[Result "0-1"]
[WhiteElo "1207"]
[BlackElo "1261"]
[PlyCount "102"]
[EventDate "2017.10.31"]
[EventType "swiss"]
[EventRounds "5"]
[EventCountry "CAN"]
[SourceTitle "EXT 2022"]
[Source "ChessBase"]
[SourceDate "2021.10.06"]
[SourceVersion "1"]
[SourceVersionDate "2021.10.06"]
[SourceQuality "1"]

1. d4 d5 2. c4 e6 3. c5 Nf6 4. Bg5 Be7 5. g3 0-0 6. Bg2 b6 7. b4 a5 8. bxa5 bxc5 9. dxc5 Rxa5 10. Be3 Bxc5 11. Bxc5 Rxc5 12. Nd2 Bd7 13. Ngf3 Rb5 14. 0-0 c5 15. Ne5 Be8 16. e3 Nc6 17. Nxc6 Bxc6 18. Qc2 c4 19. Rab1 Qb6 20. a4 Rb4 21. Rxb4 Qxb4 22. Ra1 Ra8 23. Qc1 Rxa4 24. Rb1 Qa5 25. Bf1 h6 26. h3 Rb4 27. Ra1 Ra4 28. Rb1 Bb5 29. Bg2 Nd7 30. Nf3 Nc5 31. Ne1 Nb3 32. Qc2 Ra2 33. Qd1 Rd2 34. Qf3 Qa2 35. Rd1 c3 36. Rxd2 Qxd2 37. Qf4 Qxe1+ 38. Kh2 c2 39. Qb8+ Kh7 40. Qxb5 c1Q 41. g4 Qg1+ 42. Kg3 Nd2 43. Qd3+ Ne4+ 44. Kf3 g6 45. Qe2 Nd2+ 46. Kg3 Ne4+ 47. Kf3 Ng5+ 48. Kg3 Ne4+ 49. Kh4 Qxf2+ 50. Qxf2 Nxf2 51. Kg3 Ne4+ 0-1

[Event "Gatineau Automne"]
[Site "Gatineau"]
[Date "2017.11.07"]
[Round "2"]
[White "Lepine, Louis"]
[Black "Traversy, Pierre"]
[Result "0-1"]
[WhiteElo "1042"]
[BlackElo "1207"]
[PlyCount "128"]
[EventDate "2017.10.31"]
[EventType "swiss"]
[EventRounds "5"]
[EventCountry "CAN"]
[SourceTitle "EXT 2022"]
[Source "ChessBase"]
[SourceDate "2021.10.06"]
[SourceVersion "1"]
[SourceVersionDate "2021.10.06"]
[SourceQuality "1"]

1. d4 d5 2. Nc3 Nf6 3. Bf4 c6 4. e3 Bf5 5. f3 h6 6. Bd3 Bxd3 7. Qxd3 e6 8. 0-0-0 Nbd7 9. Nge2 b5 10. e4 dxe4 11. Nxe4 Nxe4 12. fxe4 Be7 13. Nc3 a5 14. a4 b4 15. Nb1 0-0 16. b3 Rc8 17. c4 c5 18. d5 e5 19. Bg3 Qb6 20. Rhf1 Bf6 21. h4 Rcd8 22. Nd2 Rfe8 23. Nf3 Qd6 24. Bf2 Nf8 25. Rh1 Ng6 26. Qe3 Qe7 27. Rdg1 Kh7 28. g4 Qd6 29. g5 Be7 30. h5 Nf4 31. g6+ fxg6 32. hxg6+ Nxg6 33. Nh4 Nxh4 34. Bxh4 Bxh4 35. Rxh4 Re7 36. Qg3 Qf6 37. Qg4 Rf8 38. Rh5 Qf4+ 39. Qxf4 Rxf4 40. d6 Rd7 41. Rxe5 Rxd6 42. Re7 Rg6 43. Rxg6 Kxg6 44. e5 Rf5 45. e6 Kf6 46. Re8 Re5 47. Ra8 Rxe6 48. Rxa5 Rc6 49. Rb5 Ke5 50. a5 Kd4 51. Rb6 Rc7 52. a6 Ra7 53. Rb7 Rxa6 54. Rxg7 Rc6 55. Rd7+ Ke5 56. Rd5+ Kf6 57. Kd2 Ke6 58. Kd3 Rd6 59. Rxd6+ Kxd6 60. Ke3 Ke5 61. Kf3 Kd4 62. Kg4 Kc3 63. Kh5 Kxb3 64. Kxh6 Kxc4 0-1

[Event "Gatineau Rentree-B"]
[Site "Gatineau"]
[Date "2017.10.10"]
[Round "5"]
[White "Traversy, Pierre"]
[Black "Dupont Mageau, Nicolas"]
[Result "1/2-1/2"]
[WhiteElo "1196"]
[BlackElo "1449"]
[PlyCount "93"]
[EventDate "2017.09.12"]
[EventType "swiss"]
[EventRounds "6"]
[EventCountry "CAN"]
[SourceTitle "EXT 2022"]
[Source "ChessBase"]
[SourceDate "2021.10.06"]
[SourceVersion "1"]
[SourceVersionDate "2021.10.06"]
[SourceQuality "1"]

1. d4 Nf6 2. c4 e6 3. Nc3 Bb4 4. Qc2 0-0 5. a3 Bxc3+ 6. bxc3 d5 7. cxd5 Qxd5 8. Nf3 b6 9. Bb2 Bb7 10. c4 Qc6 11. e3 Nbd7 12. Bd3 Qd6 13. a4 h6 14. Ba3 c5 15. Bb2 Ng4 16. Be4 Bc6 17. Bxc6 Qxc6 18. h3 Ngf6 19. Rd1 Rac8 20. 0-0 cxd4 21. Nxd4 Qxc4 22. Qxc4 Rxc4 23. Ra1 a6 24. Rfc1 Rfc8 25. Ne2 Rxc1+ 26. Nxc1 Rc2 27. Nd3 Rd2 28. Bxf6 Nxf6 29. Ra3 Kf8 30. f3 Ke7 31. Nf4 Kd6 32. Kf1 g5 33. Ke1 Rb2 34. Rd3+ Kc5 35. Ne2 b5 36. axb5 Rxb5 37. e4 Rb8 38. Rc3+ Kd6 39. Kd2 a5 40. Kc2 a4 41. Nc1 Nd7 42. Nd3 Rb6 43. Nb2 Nc5 44. Nc4+ Kc6 45. Nxb6 Kxb6 46. Kb2 Kb5 47. Ka3 1/2-1/2

[Event "Gatineau Rentree-B"]
[Site "Gatineau"]
[Date "2017.09.26"]
[Round "3"]
[White "Traversy, Pierre"]
[Black "Bourbonnais, Luc"]
[Result "1-0"]
[WhiteElo "1196"]
[BlackElo "1296"]
[PlyCount "69"]
[EventDate "2017.09.12"]
[EventType "swiss"]
[EventRounds "6"]
[EventCountry "CAN"]
[SourceTitle "EXT 2022"]
[Source "ChessBase"]
[SourceDate "2021.10.06"]
[SourceVersion "1"]
[SourceVersionDate "2021.10.06"]
[SourceQuality "1"]

1. d4 Nf6 2. Nf3 g6 3. e3 Bg7 4. Nbd2 0-0 5. b3 c5 6. c3 Nc6 7. Bb2 d5 8. Bd3 Re8 9. 0-0 e5 10. dxe5 Nxe5 11. Nxe5 Rxe5 12. Nf3 Re7 13. Re1 Bg4 14. Be2 Ne4 15. Nd2 Bxe2 16. Rxe2 Nxc3 17. Bxc3 Bxc3 18. Rc1 d4 19. exd4 Rxe2 20. Qxe2 cxd4 21. Qd3 Qg5 22. Rd1 Rd8 23. Ne4 Qf5 24. Rf1 Re8 25. f3 h5 26. g3 Kf8 27. Kg2 Qa5 28. Rf2 Qf5 29. Qc4 Rc8 30. Qd3 Qa5 31. Nf6 Rc6 32. Ne4 Re6 33. Rc2 f5 34. Nxc3 Re3 35. Qxd4 1-0

[Event "Outaouais-ch Reserve"]
[Site "Gatineau"]
[Date "2017.05.23"]
[Round "6"]
[White "Legare, Gilles"]
[Black "Traversy, Pierre"]
[Result "1-0"]
[WhiteElo "1022"]
[BlackElo "1210"]
[PlyCount "99"]
[EventDate "2017.04.18"]
[EventType "swiss"]
[EventRounds "7"]
[EventCountry "CAN"]
[SourceTitle "EXT 2022"]
[Source "ChessBase"]
[SourceDate "2021.10.06"]
[SourceVersion "1"]
[SourceVersionDate "2021.10.06"]
[SourceQuality "1"]

1. e4 e5 2. Nc3 Nf6 3. Nf3 Nc6 4. d3 d6 5. Be3 Bg4 6. Be2 Bxf3 7. Bxf3 Nd4 8. Bxd4 exd4 9. Ne2 c5 10. 0-0 Rb8 11. c4 Be7 12. Ng3 g6 13. Re1 Nd7 14. Qa4 a5 15. Bg4 Kf8 16. Bxd7 b6 17. Bh3 Bf6 18. Qd7 Be5 19. Qxd8+ Rxd8 20. a4 h5 21. Ne2 g5 22. Bf5 g4 23. Rf1 Rh6 24. f3 gxf3 25. Rxf3 f6 26. Rh3 Ke7 27. Rf1 h4 28. Nf4 Bxf4 29. Rxf4 Rg8 30. Rhxh4 Rxh4 31. Rxh4 Rg7 32. Rh7 Kf8 33. Rh6 Ke7 34. Rh8 Rf7 35. Rb8 Rf8 36. Rxb6 Ra8 37. Rb7+ Ke8 38. Be6 Kf8 39. Rb6 Ke7 40. Bd5 Ra7 41. b3 Kd7 42. Rb5 Kc7 43. Kf2 Kd8 44. Kf3 Ke8 45. Kf4 Kf8 46. Kf5 Rh7 47. Rb8+ Kg7 48. Rg8+ Kh6 49. Kxf6 Rb7 50. Bxb7 1-0

[Event "Outaouais-ch Reserve"]
[Site "Gatineau"]
[Date "2017.05.09"]
[Round "4"]
[White "Traversy, Pierre"]
[Black "Labelle, Raymond"]
[Result "0-1"]
[WhiteElo "1210"]
[BlackElo "1499"]
[PlyCount "88"]
[EventDate "2017.04.18"]
[EventType "swiss"]
[EventRounds "7"]
[EventCountry "CAN"]
[SourceTitle "EXT 2022"]
[Source "ChessBase"]
[SourceDate "2021.10.06"]
[SourceVersion "1"]
[SourceVersionDate "2021.10.06"]
[SourceQuality "1"]

1. d4 Nf6 2. c4 e6 3. Nc3 b6 4. Nf3 Bb7 5. Bg5 Be7 6. e3 Ne4 7. Bxe7 Qxe7 8. Nxe4 Bxe4 9. a3 0-0 10. Bd3 f5 11. b4 d6 12. Bf1 Nd7 13. g3 Rad8 14. Bg2 Nf6 15. h3 c5 16. 0-0 Qb7 17. Kh2 g5 18. Rg1 b5 19. Nxg5 Bxg2 20. Nxe6 Bf3 21. Qc2 bxc4 22. Nxd8 Rxd8 23. Qxf5 Rf8 24. Qe6+ Rf7 25. Qxc4 Bd5 26. Qc2 c4 27. Qe2 c3 28. Rac1 Bf3 29. Qa2 Ne4 30. Rc2 Kf8 31. Qc4 Rc7 32. Qe6 Qb5 33. Qh6+ Ke8 34. Qe6+ Kd8 35. Qg8+ Kd7 36. Qf7+ Kc6 37. Qe8+ Rd7 38. Rgc1 Kb6 39. Qf8 Bh5 40. Qf4 Bg6 41. f3 Rf7 42. Qg4 Nd2 43. f4 Bxc2 44. Rg1 Be4 0-1

[Event "Outaouais-ch Reserve"]
[Site "Gatineau"]
[Date "2017.05.02"]
[Round "3"]
[White "Simard, Paul"]
[Black "Traversy, Pierre"]
[Result "0-1"]
[WhiteElo "1228"]
[BlackElo "1210"]
[PlyCount "108"]
[EventDate "2017.04.18"]
[EventType "swiss"]
[EventRounds "7"]
[EventCountry "CAN"]
[SourceTitle "EXT 2022"]
[Source "ChessBase"]
[SourceDate "2021.10.06"]
[SourceVersion "1"]
[SourceVersionDate "2021.10.06"]
[SourceQuality "1"]

1. d4 Nf6 2. c4 c6 3. Nc3 d5 4. Bg5 e6 5. a3 Nbd7 6. e3 Be7 7. Nf3 Qc7 8. Be2 b6 9. 0-0 Ba6 10. b3 e5 11. dxe5 Nxe5 12. Bf4 Nxf3+ 13. Bxf3 Bd6 14. Bxd6 Qxd6 15. Re1 0-0 16. cxd5 c5 17. a4 Rad8 18. e4 Rfe8 19. Ne2 Bxe2 20. Bxe2 Rxe4 21. Bf3 Rxe1+ 22. Qxe1 Re8 23. Qd2 Nd7 24. Be2 Nf6 25. f3 Qxd5 26. Rd1 Rd8 27. Qf4 Qa8 28. Qc4 Rxd1+ 29. Bxd1 Qd8 30. Qe2 Kf8 31. Bc2 Qd4+ 32. Kf1 Nd5 33. Bxh7 Ne3+ 34. Ke1 g6 35. Kf2 Nf5+ 36. Ke1 Qe3 37. Qxe3 Nxe3 38. Kf2 Nd5 39. g4 Kg7 40. Bxg6 fxg6 41. h4 a6 42. Kg3 b5 43. f4 c4 44. axb5 axb5 45. bxc4 bxc4 46. f5 gxf5 47. gxf5 c3 48. Kg4 Kh6 49. h5 c2 50. Kf3 c1Q 51. Ke4 Nf6+ 52. Ke5 Qc3+ 53. Ke6 Kxh5 54. Kf7 Kg5 0-1

[Event "Outaouais-ch Reserve"]
[Site "Gatineau"]
[Date "2017.04.18"]
[Round "1"]
[White "Berthiaume, Serge"]
[Black "Traversy, Pierre"]
[Result "1-0"]
[WhiteElo "1518"]
[BlackElo "1210"]
[PlyCount "123"]
[EventDate "2017.04.18"]
[EventType "swiss"]
[EventRounds "7"]
[EventCountry "CAN"]
[SourceTitle "EXT 2022"]
[Source "ChessBase"]
[SourceDate "2021.10.06"]
[SourceVersion "1"]
[SourceVersionDate "2021.10.06"]
[SourceQuality "1"]

1. c4 e5 2. Nc3 Nc6 3. g3 Nf6 4. Bg2 b6 5. Nf3 Rb8 6. 0-0 Bb7 7. Nd5 d6 8. d3 h6 9. a3 Nxd5 10. cxd5 Ne7 11. e4 Ng6 12. Qa4+ Qd7 13. Qxa7 Qd8 14. Qa4+ Qd7 15. Qd1 Be7 16. Be3 0-0 17. Rc1 Qd8 18. Qb3 f5 19. Nd2 f4 20. gxf4 Nxf4 21. Bxf4 Rxf4 22. Qc3 Ba6 23. Nc4 Rb7 24. Ne3 Qd7 25. Nf5 Rg4 26. Ng3 Rg5 27. f4 exf4 28. Rxf4 Bf6 29. Qd2 Rxg3 30. Rxf6 Rxd3 31. Qf2 Qe7 32. Rf3 Rxf3 33. Qxf3 Qg5 34. Rc2 Ra7 35. Kh1 Bc8 36. Rf2 Qe7 37. Bf1 Bd7 38. Qe3 Ra8 39. Rg2 Qf6 40. Rf2 Qe7 41. Bg2 Rf8 42. Rxf8+ Kxf8 43. Kg1 Qe5 44. Qf2+ Qf6 45. Qc2 Qd4+ 46. Kf1 Qc5 47. Qxc5 bxc5 48. b3 Bb5+ 49. Kf2 c6 50. Bf1 Ke7 51. a4 Bxf1 52. Kxf1 cxd5 53. exd5 Kd7 54. Ke2 Kc7 55. h4 g5 56. hxg5 hxg5 57. Kf3 Kb6 58. Kg4 Ka5 59. Kxg5 c4 60. bxc4 Kxa4 61. Kf6 Kb4 62. Ke6 1-0

[Event "Gatineau Printemps-B"]
[Site "Gatineau"]
[Date "2017.04.11"]
[Round "4"]
[White "Traversy, Pierre"]
[Black "Arcand, Pierre"]
[Result "0-1"]
[WhiteElo "1232"]
[BlackElo "1188"]
[PlyCount "100"]
[EventDate "2017.03.21"]
[EventType "swiss"]
[EventRounds "4"]
[EventCountry "CAN"]
[SourceTitle "EXT 2022"]
[Source "ChessBase"]
[SourceDate "2021.10.06"]
[SourceVersion "1"]
[SourceVersionDate "2021.10.06"]
[SourceQuality "1"]

1. d4 d5 2. Nf3 Nf6 3. Nc3 e6 4. Bg5 Be7 5. e3 0-0 6. Bd3 Nbd7 7. 0-0 h6 8. Bh4 c5 9. Ne5 cxd4 10. exd4 Qb6 11. Bb5 Qd6 12. Re1 a6 13. Bd3 Qb4 14. Ne2 Qxb2 15. Qd2 Nxe5 16. Reb1 Qa3 17. dxe5 Nd7 18. Rb3 Qc5 19. Rc3 Qb4 20. Bg3 Bg5 21. f4 Be7 22. Bf2 Qa5 23. a3 f6 24. Bd4 Bb4 25. Qe1 Bxc3 26. Bxc3 Qd8 27. Qg3 f5 28. Nd4 Qe7 29. Nf3 Nc5 30. Nh4 Rf7 31. Bb4 a5 32. Bc3 Nxd3 33. Bd4 Nc5 34. Qe1 Ne4 35. Ng6 Qd8 36. Rb1 Ra6 37. Qe3 Rc6 38. c3 Qd7 39. Rb5 Rxc3 40. Bxc3 Qxb5 41. h4 Qb3 42. Qd4 Qxc3 43. Qb6 Qe1+ 44. Kh2 Qg3+ 45. Kg1 Qxg6 46. Qxa5 Rd7 47. Qa8 Qe8 48. a4 d4 49. h5 d3 50. Qa5 d2 0-1

[Event "Gatineau Printemps-B"]
[Site "Gatineau"]
[Date "2017.03.21"]
[Round "1"]
[White "Sabourin, Yves"]
[Black "Traversy, Pierre"]
[Result "1-0"]
[WhiteElo "1499"]
[BlackElo "1232"]
[PlyCount "43"]
[EventDate "2017.03.21"]
[EventType "swiss"]
[EventRounds "4"]
[EventCountry "CAN"]
[SourceTitle "EXT 2022"]
[Source "ChessBase"]
[SourceDate "2021.10.06"]
[SourceVersion "1"]
[SourceVersionDate "2021.10.06"]
[SourceQuality "1"]

1. e4 c5 2. c3 e5 3. d4 cxd4 4. cxd4 exd4 5. Qxd4 Nc6 6. Qe3 d6 7. Bd3 Be6 8. Nc3 Be7 9. Nf3 h6 10. Nd5 Nf6 11. Nxe7 Qxe7 12. 0-0 a6 13. b3 Nb4 14. Rd1 Bg4 15. Ba3 Nc6 16. Bc2 Rd8 17. Qf4 Ne5 18. Nxe5 dxe5 19. Rxd8+ Qxd8 20. Qxe5+ Be6 21. Rd1 Qc8 22. Qd6 1-0

[Event "Gatineau Pere Noel-B"]
[Site "Gatineau"]
[Date "2016.12.06"]
[Round "1"]
[White "Traversy, Pierre"]
[Black "Rioux, Jocelyn"]
[Result "0-1"]
[WhiteElo "1210"]
[BlackElo "1466"]
[PlyCount "81"]
[EventDate "2016.12.06"]
[EventType "swiss"]
[EventRounds "5"]
[EventCountry "CAN"]
[SourceTitle "EXT 2022"]
[Source "ChessBase"]
[SourceDate "2021.10.06"]
[SourceVersion "1"]
[SourceVersionDate "2021.10.06"]
[SourceQuality "1"]

1. d4 Nf6 2. Nf3 e6 3. c4 Be7 4. Nc3 b6 5. e4 0-0 6. Bd3 c5 7. d5 d6 8. b3 Nbd7 9. 0-0 Ng4 10. h3 Nge5 11. Bc2 Bf6 12. Bb2 a6 13. Re1 b5 14. Re3 bxc4 15. Nxe5 Nxe5 16. Na4 cxb3 17. Bxb3 Bd7 18. f4 Bxa4 19. fxe5 Bg5 20. Rf3 Bb5 21. a4 Bd7 22. exd6 Qb6 23. e5 Rab8 24. Kh1 exd5 25. Rb1 d4 26. Qf1 Be6 27. Bc1 Bxc1 28. Qxc1 c4 29. Ba2 Qc6 30. Rg3 Qxa4 31. Ra3 Rxb1 32. Bxb1 Qb5 33. Qf1 Rb8 34. Ra1 a5 35. Qe1 Qd5 36. Ba2 Bxh3 37. Qg3 Bf5 38. Rc1 Bd3 39. Qg5 f6 40. e6 Qxg5 41. Bxc4 0-1

[Event "Gatineau Automne-B"]
[Site "Gatineau"]
[Date "2016.11.15"]
[Round "4"]
[White "Traversy, Pierre"]
[Black "Legare, Gilles"]
[Result "1-0"]
[WhiteElo "1210"]
[BlackElo "1055"]
[PlyCount "79"]
[EventDate "2016.10.25"]
[EventType "swiss"]
[EventRounds "5"]
[EventCountry "CAN"]
[SourceTitle "EXT 2022"]
[Source "ChessBase"]
[SourceDate "2021.10.06"]
[SourceVersion "1"]
[SourceVersionDate "2021.10.06"]
[SourceQuality "1"]

1. d4 Nf6 2. Nf3 d5 3. c4 e6 4. Nc3 Be7 5. Bg5 h6 6. Bxf6 Bxf6 7. e3 dxc4 8. Bxc4 Bd7 9. Ne4 Be7 10. Ne5 Bb4+ 11. Nc3 Qf6 12. a3 0-0 13. axb4 b5 14. Nxd7 Nxd7 15. Bxb5 Qg5 16. 0-0 Nf6 17. Ra5 Qh4 18. Be2 Nh7 19. Rh5 Qe7 20. b5 Kh8 21. Rc5 f5 22. f4 Nf6 23. Bf3 Rab8 24. Re5 Qf7 25. Qb3 Rb6 26. Re1 Ng4 27. Bxg4 fxg4 28. g3 h5 29. Ne4 h4 30. gxh4 Qe7 31. Ng5 Rf6 32. Kg2 c6 33. Rc1 Qd7 34. Qd3 Rf5 35. Rec5 cxb5 36. Qc2 Rb8 37. Nxe6 Re8 38. Qxf5 Qb7+ 39. Rd5 Qb6 40. Qh5+ 1-0

[Event "Gatineau Rentree-B"]
[Site "Gatineau"]
[Date "2016.10.04"]
[Round "4"]
[White "Berthiaume, Patrick"]
[Black "Traversy, Pierre"]
[Result "1-0"]
[WhiteElo "1421"]
[BlackElo "1234"]
[PlyCount "117"]
[EventDate "2016.09.13"]
[EventType "swiss"]
[EventRounds "5"]
[EventCountry "CAN"]
[SourceTitle "EXT 2022"]
[Source "ChessBase"]
[SourceDate "2021.10.06"]
[SourceVersion "1"]
[SourceVersionDate "2021.10.06"]
[SourceQuality "1"]

1. d4 d5 2. Nf3 Nf6 3. c4 c6 4. Nc3 h6 5. e3 e6 6. Be2 Nbd7 7. 0-0 c5 8. Qb3 a6 9. cxd5 exd5 10. Nxd5 b5 11. Nc3 Bb7 12. Rd1 c4 13. Qc2 Bd6 14. e4 0-0 15. e5 Bc7 16. exf6 Nxf6 17. Ne5 Nd5 18. Nxd5 Bxd5 19. Bf3 Bxf3 20. Nxf3 Re8 21. Be3 Qf6 22. a4 Rad8 23. axb5 axb5 24. Re1 Re7 25. Bd2 Red7 26. Re2 Bf4 27. Rae1 g6 28. Re8+ Kg7 29. Bc3 Kh7 30. Qe4 Rxe8 31. Qxe8 Qd8 32. Qxd8 Rxd8 33. Re7 Kg8 34. Rb7 Rd5 35. g3 Bd6 36. Nd2 b4 37. Bxb4 Bxb4 38. Rxb4 Rxd4 39. Nxc4 h5 40. b3 g5 41. Rb6 Kg7 42. Kf1 f6 43. Ke2 g4 44. Ne3 Kg6 45. b4 Rd8 46. b5 Kf7 47. f3 Re8 48. fxg4 hxg4 49. Kf2 Re4 50. Rc6 Rb4 51. b6 Rb2+ 52. Nc2 Ke7 53. Ke3 Rb1 54. Kd4 Kd7 55. Kd5 Rc1 56. Rc7+ Kd8 57. Kd6 Rd1+ 58. Kc6 Rh1 59. Nd4 1-0

[Event "Gatineau Eveil Printanier U1500"]
[Site "Gatineau"]
[Date "2016.03.29"]
[Round "5"]
[White "Traversy, Pierre"]
[Black "Clermont, Yves"]
[Result "0-1"]
[WhiteElo "1235"]
[BlackElo "1120"]
[PlyCount "116"]
[EventDate "2016.03.01"]
[EventType "swiss"]
[EventRounds "5"]
[EventCountry "CAN"]
[SourceTitle "EXT 2022"]
[Source "ChessBase"]
[SourceDate "2021.10.06"]
[SourceVersion "1"]
[SourceVersionDate "2021.10.06"]
[SourceQuality "1"]

1. d4 d5 2. Nf3 Bg4 3. Nc3 e6 4. e3 Nc6 5. a3 Bd6 6. Be2 Qd7 7. Nb5 a6 8. Nxd6+ Qxd6 9. Ng1 f5 10. Bxg4 fxg4 11. Qxg4 g6 12. Bd2 Nf6 13. Qe2 0-0-0 14. Nf3 Ne4 15. Bc1 Rhf8 16. Bd2 Rf6 17. 0-0 Rdf8 18. Be1 h5 19. Nd2 Rh8 20. f3 Ng5 21. Bh4 Rf5 22. c3 Nh7 23. Bg3 Qe7 24. e4 dxe4 25. fxe4 Rf6 26. Nf3 Rhf8 27. Bh4 g5 28. Nxg5 Nxg5 29. Bxg5 Rxf1+ 30. Rxf1 Rxf1+ 31. Qxf1 Qxg5 32. g3 Qe3+ 33. Qf2 Qxf2+ 34. Kxf2 Kd7 35. e5 Na5 36. Kf3 Nc4 37. Kf4 Nxb2 38. Kg5 b5 39. Kxh5 Nd1 40. g4 Nxc3 41. g5 Ke7 42. Kh6 Kf7 43. Kh7 Nd5 44. g6+ Ke8 45. Kg7 a5 46. h4 b4 47. axb4 axb4 48. h5 b3 49. h6 Kd7 50. h7 b2 51. h8Q b1Q 52. Qf8 Qb4 53. Qxb4 Nxb4 54. Kf7 Nc6 55. g7 Ne7 56. d5 exd5 57. e6+ Kd8 58. Kf8 d4 0-1